Country Names Ending in Two Consonants - Statistics

General Stats
  • This quiz has been taken 217 times
    191 since last reset
  • The average score is 16 of 19
Answer Stats
Number of Letters
in Country's Name
and Continent
Country % Correct
7 - Europe Iceland
96%
7 - Europe Ireland
96%
7 - Europe Finland
92%
10 - Oceania New Zealand
92%
10 - Europe Luxembourg
91%
15 - Oceania Marshall Islands
91%
11- Europe Switzerland
91%
6 - Europe Poland
90%
14 - Oceania Solomon Islands
90%
11 - Europe Netherlands
89%
7 - Europe Denmark
88%
5 - Africa Egypt
88%
5 - Europe Italy
82%
8 - Asia Thailand
82%
7 - Europe Germany
80%
7 - Europe Hungary
80%
10 - Asia Bangladesh
68%
11 - Europe Vatican City
68%
10 - Africa Ivory Coast
56%
No matching quizzes found
Score Distribution
Percent of People with Each Score
Percentile by Number Answered
Your Score History
You have not taken this quiz since the last reset